| 000 | 00764cab a2200229 4500 | ||
|---|---|---|---|
| 001 | ##L134897 | ||
| 008 | 060908n2006 000 0 eng u | ||
| 035 | _a(Sirsi) u134897 | ||
| 041 | 0 | _aeng | |
| 100 | 1 | _aMcLaughlin, Mark | |
| 245 | 0 | 2 | _aA delicate business |
| 260 | _c2006 | ||
| 490 | 0 |
_aTaxation _v157(4074) 7 September 2006, 636-638(3) |
|
| 520 | _aExamines the issue of agricultural and business property relief in relation to inheritance tax. Includes examples to illustrate points in relation to gifts and the proper placing of debt. | ||
| 590 | _aIKA190906 | ||
| 650 | 2 | 4 | _aINHERITANCE TAX ACT 1984 |
| 650 | 2 | 4 | _aFINANCE ACT 2006 |
| 651 | 4 |
_aUnited Kingdom _y |
|
| 690 | _aPROPERTY-PROPERTY TAXATION | ||
| 700 | 1 | _aHarris, Toby | |
| 942 | _n0 | ||
| 999 |
_c77696 _d77696 |
||